00485nam a2200145Ia 4500008004100000041000800041082001700049100001900066245004500085260003500130300003200165365000700197999001300204952012200217240624s9999 xx 000 0 und d aeng a658.3125 CAR aCARDY ROBERT L aPERFORMANCE MANAGEMENT CONCEPTS SKILLS A c2004aNew DelhibPrentice-Hall axiii, : 193 : p. : cm. ; 24 cRS c421d421 00104070aIMTNbIMTNcRack 26-Ad2004-10-15eJBDg195.00o658.3125 CARp421r2024-06-24 00:00:00t1w2024-06-24yBK